Radnica v Spišskej otvorená

Podrobná bibliografia
Hlavný autor: (kuch) (Autor)
Médium: Článok
Jazyk:slovenčina
Predmet:

MARC

LEADER 00000nab a2200000 a 4500
001 vtls001014488
003 SK-MaSNL
005 20260303042402.0
008 040720e19960625xo 0 slo
035 |a SN442 
040 |a SNSK  |b slo  |c SNSK  |e AACR2 
041 0 |a slo 
044 |a xo  |c SK 
080 |a 352.075.2  |2 1981 
080 |a 69  |2 1981 
100 0 |a (kuch)  |4 aut  |9 886950 
245 1 0 |a Radnica v Spišskej otvorená 
650 0 7 |a štátna správa  |2 SNSK  |9 1539 
650 0 7 |a radnice  |2 SNSK  |9 27759 
650 0 7 |a otvorenie  |2 SNSK  |9 765696 
651 7 |a Spišská Nová Ves (Slovensko)  |2 SNSK  |9 28800 
651 7 |a SN,  |2 SNSK  |9 1021277 
655 7 |a periodikum  |2 snkbucl  |9 29553 
773 0 8 |t Nové Spišské hlasy  |g Roč. 6, č.26, 25.6.1996, s. 1,3 
852 |a ZVYKNI  |b KIS3GCP 
999 |c 1691863  |d 1693793